000 00866nam a22002417a 4500
999 _c2176
_d2176
003 AR-CdUCM
008 190304b ||||| |||| 00| 0 spa d
020 _a84-206-8138-5
040 _aMUNICIPALIDAD PROVINCIAL DEL CUSCO
_cBIBLIOTECA MUNICIPAL DEL CUSCO
041 _heng.
082 _a330.11 /
_bB23
100 _aBarro, Robert J
_97849
110 _aAlianza universidad de textos
_97850
245 _aMacroeconomia /
260 _aMadrid :
_bAlianza editorial,
_c1991.
300 _a639 paginas ;
_bGraficos
_c22 cm.
505 _aContenido: Enfoque para el estudio de la macroeconomía --Fundamentos microeconomicos y modelo básico de equilibrio de mercado --Esfuerzo labor protección y consumo ...
650 _aMacroeconomia
_93976
650 _aMicroeconomia
_97851
650 _aEquilibrio de mercado
_97852
942 _2ddc
_cLIBROS
945 _arjall